| 000 | 01029nam a22002417a 4500 | ||
|---|---|---|---|
| 005 | 20240613100453.0 | ||
| 008 | 220523b ||||| |||| 00| 0 eng d | ||
| 040 | _cAloy | ||
| 041 | _aHindi | ||
| 082 |
_223 _a294.092H _bLAMA |
||
| 100 |
_aDALAI LAMA _9170361 |
||
| 100 |
_938722 _dदलाई लामा |
||
| 245 |
_aAzad sharanarthi Tibbat ke param pawan Dalai Lama _bआज़ाद शरणार्थी: तिब्बत के परम पावन दलाई लामा |
||
| 260 |
_aNayi Dilli: _bPaljor Publications, _c1990 |
||
| 300 |
_aviii,238p. _bPB _c24x16cm. |
||
| 365 | _2Biography | ||
| 520 | _uhttps://archive.org/details/azad-sharanarthi-tibet-ke-dalai-lama-ki-atma-katha-vinay-kranti | ||
| 650 |
_aAutobiography:आत्म कथा _938541 |
||
| 650 |
_aReligious Leader: धार्मिक नायक _938542 |
||
| 700 |
_aLAMA (Dalai): लामा (दलाई) _938543 |
||
| 700 |
_aKRANTI (Vijay): विजय (क्रान्ति) Ed _938544 |
||
| 942 |
_2ddc _cGF |
||
| 999 |
_c223066 _d223066 |
||